000 00616nam a2200241 a 4500
001 nice12345678
003 IN_TiNIC
005 20260116014804.0
008 100412s2006 mica grp 000 0 eng
020 _a9780802832153
_c820
082 0 0 _a232.3
_bHEI
100 _aHeim, S Mark
245 _aSaved from Sacrifice
_b A Theology of the Cross
260 _aMichigan
_bWilliam B.Eerdmans Pub
_c2006
300 _a346p
500 _aincludes index and biblioraphy
505 2 _aBibliography, Index
650 _aAtonement
700 1 _aHeim, S Mark
902 _bSRS
942 _cBK
999 _c16973
_d16973